[Event "4. Kesarovski-Georgiev Memorial"]
[Site "Sunny Beach BUL"]
[Date "2005.09.19"]
[Round "4.24"]
[White "Angelov, Angel"]
[Black "Georgiev, Steljan"]
[Result "1-0"]
[WhiteElo "2222"]
[BlackElo "1944"]
[PlyCount "101"]
[EventDate "2005.09.16"]
[EventType "swiss"]
[EventRounds "9"]
[EventCountry "BUL"]
[Source "lmi"]
[SourceDate "2005.09.25"]

1. e4 Nf6 2. e5 Nd5 3. d4 d6 4. Nf3 Bg4 5. Be2 e6 6. O-O Nc6 7. c4 Nb6 8. exd6
cxd6 9. d5 exd5 10. cxd5 Bxf3 11. Bxf3 Ne5 12. Be4 Be7 13. Nc3 Nbd7 14. Bf4 O-O
15. Rc1 a6 16. h3 Bf6 17. Bb1 Qb6 18. Ne4 Be7 19. Rc3 Qd8 20. Qb3 b6 21. Rfc1
f5 22. Ng3 g6 23. Ne2 Nc5 24. Qc2 Ne4 25. Re3 b5 26. Nd4 Qb6 27. Nc6 Bf6 28.
Qe2 Nc4 29. Rb3 Rae8 30. Rxc4 Nc3 31. Qf1 Ne2+ 32. Kh2 Qc7 33. Re3 Rxe3 34.
Bxe3 bxc4 35. Qxe2 Be5+ 36. f4 Bf6 37. Qxc4 Bxb2 38. Qxa6 Re8 39. Bb6 Qf7 40.
Qb5 Bc1 41. Qc4 Bd2 42. Bf2 Qb7 43. Bc2 Qb2 44. g3 Qc1 45. Bd3 Bc3 46. Kg2 Qd2
47. Bf1 Qb2 48. Qb3 Qa1 49. h4 Be1 50. Bd4 Qc1 51. Qb7 1-0

[Event "4. Kesarovski-Georgiev Memorial"]
[Site "Sunny Beach BUL"]
[Date "2005.09.19"]
[Round "4.26"]
[White "Vasilev, Plamen"]
[Black "Yermishin, Viktor"]
[Result "1-0"]
[WhiteElo "2011"]
[BlackElo "2450"]
[PlyCount "105"]
[EventDate "2005.09.16"]
[EventType "swiss"]
[EventRounds "9"]
[EventCountry "BUL"]
[Source "lmi"]
[SourceDate "2005.09.25"]

1. d4 d5 2. Nf3 Nf6 3. c4 e6 4. Nc3 c6 5. Bg5 Be7 6. e3 Nbd7 7. cxd5 exd5 8.
Qc2 O-O 9. Bd3 Re8 10. h3 Nf8 11. O-O h6 12. Bf4 Bd6 13. Bxd6 Qxd6 14. Ne5 Be6
15. f4 Rac8 16. b4 Qxb4 17. Rab1 Qe7 18. f5 Bd7 19. Rxb7 c5 20. Qd2 Qd6 21.
Rfb1 cxd4 22. exd4 Rxe5 23. dxe5 Qc5+ 24. Kh2 Qxc3 25. Qxc3 Rxc3 26. Bb5 Bc8
27. Rxa7 N6h7 28. Be8 Bxf5 29. Bxf7+ Kh8 30. Rd1 Re3 31. Rxd5 Re2 32. Bh5 Rb2
33. Rd4 Ng5 34. Rf4 Be4 35. Rxf8+ Kh7 36. Kg3 Rxg2+ 37. Kh4 Ne6 38. Bf3 Bxf3
39. Rxf3 Rg5 40. Rg3 Rxe5 41. Re7 Re4+ 42. Rg4 Re3 43. Rb4 Kg6 44. Rb6 Re4+ 45.
Kg3 Kf6 46. Rd7 Re3+ 47. Kf2 Re4 48. Ra7 g5 49. a4 h5 50. a5 g4 51. hxg4 hxg4
52. Raa6 Kf5 53. Rxe6 1-0

[Event "4. Kesarovski-Georgiev Memorial"]
[Site "Sunny Beach BUL"]
[Date "2005.09.19"]
[Round "4.28"]
[White "Chervenkov, Dinko"]
[Black "Jordanova, Svetla"]
[Result "0-1"]
[WhiteElo "2001"]
[BlackElo "2179"]
[PlyCount "80"]
[EventDate "2005.09.16"]
[EventType "swiss"]
[EventRounds "9"]
[EventCountry "BUL"]
[Source "lmi"]
[SourceDate "2005.09.25"]

1. d4 Nf6 2. Nf3 g6 3. Nc3 d5 4. g3 Bg7 5. Bg2 O-O 6. Ne5 c5 7. dxc5 d4 8. Na4
Qa5+ 9. c3 dxc3 10. Nxc3 Qxc5 11. Nd3 Qa5 12. Bd2 Nc6 13. O-O Bf5 14. e4 Bg4
15. f3 Qb6+ 16. Kh1 Be6 17. Re1 Rad8 18. Be3 Qa6 19. Nc5 Rxd1 20. Nxa6 Rxe1+
21. Rxe1 bxa6 22. Rd1 Rb8 23. b3 Ng4 24. fxg4 Bxc3 25. Rc1 Bd4 26. Rxc6 Bxe3
27. Bf3 Rd8 28. Rc3 Bb6 29. Rc2 a5 30. Kg2 g5 31. h4 h6 32. hxg5 hxg5 33. Kf1
Rd3 34. Kg2 Rd4 35. Kf1 a4 36. Rc3 axb3 37. axb3 Rd2 38. Be2 Rb2 39. Bd1 Rb1
40. Rd3 Bxg4 0-1

[Event "4. Kesarovski-Georgiev Memorial"]
[Site "Sunny Beach BUL"]
[Date "2005.09.19"]
[Round "4.29"]
[White "Ochkov, Radoslav"]
[Black "Sotirov, Nikolaj"]
[Result "1/2-1/2"]
[WhiteElo "1725"]
[BlackElo "2140"]
[PlyCount "29"]
[EventDate "2005.09.16"]
[EventType "swiss"]
[EventRounds "9"]
[EventCountry "BUL"]
[Source "lmi"]
[SourceDate "2005.09.25"]

1. e4 c5 2. Nf3 Nc6 3. d4 cxd4 4. Nxd4 g6 5. Nc3 Bg7 6. Be3 Nf6 7. Nxc6 bxc6 8.
e5 Nd5 9. Nxd5 cxd5 10. Qxd5 Rb8 11. Bxa7 Rxb2 12. Bd4 Rxc2 13. Bd3 Rc6 14. O-O
O-O 15. Bb5 1/2-1/2

[Event "4. Kesarovski-Georgiev Memorial"]
[Site "Sunny Beach BUL"]
[Date "2005.09.20"]
[Round "5.1"]
[White "Chatalbashev, Boris"]
[Black "Savchenko, Stanislav"]
[Result "1/2-1/2"]
[WhiteElo "2499"]
[BlackElo "2506"]
[PlyCount "35"]
[EventDate "2005.09.16"]
[EventType "swiss"]
[EventRounds "9"]
[EventCountry "BUL"]
[Source "lmi"]
[SourceDate "2005.09.25"]

1. d4 d5 2. c4 c6 3. Nf3 Nf6 4. e3 a6 5. Bd3 Bg4 6. Nbd2 e6 7. Qc2 Nbd7 8. O-O
Be7 9. b3 Bh5 10. Bb2 Bg6 11. Bxg6 hxg6 12. e4 dxe4 13. Nxe4 Qa5 14. Nxf6+ Bxf6
15. Rad1 Qf5 16. Qxf5 gxf5 17. Ba3 Be7 18. Bxe7 1/2-1/2

[Event "4. Kesarovski-Georgiev Memorial"]
[Site "Sunny Beach BUL"]
[Date "2005.09.20"]
[Round "5.3"]
[White "Bojkov, Dejan"]
[Black "Georgiev, Krum"]
[Result "1/2-1/2"]
[WhiteElo "2522"]
[BlackElo "2468"]
[PlyCount "24"]
[EventDate "2005.09.16"]
[EventType "swiss"]
[EventRounds "9"]
[EventCountry "BUL"]
[Source "lmi"]
[SourceDate "2005.09.25"]

1. e4 c5 2. Nf3 d6 3. c3 Nf6 4. Bd3 Nc6 5. Bc2 Bg4 6. d3 e6 7. Nbd2 Be7 8. h3
Bh5 9. Nf1 d5 10. Ng3 Bg6 11. Qe2 Qc7 12. O-O dxe4 1/2-1/2

[Event "4. Kesarovski-Georgiev Memorial"]
[Site "Sunny Beach BUL"]
[Date "2005.09.20"]
[Round "5.4"]
[White "Grigorov, Grigor"]
[Black "Iotov, Valentin"]
[Result "0-1"]
[WhiteElo "2400"]
[BlackElo "2447"]
[PlyCount "94"]
[EventDate "2005.09.16"]
[EventType "swiss"]
[EventRounds "9"]
[EventCountry "BUL"]
[Source "lmi"]
[SourceDate "2005.09.25"]

1. d4 Nf6 2. c4 e6 3. Nc3 Bb4 4. Qc2 c5 5. dxc5 O-O 6. a3 Bxc5 7. Nf3 b6 8. e4
Bb7 9. Bd3 Nc6 10. O-O Qb8 11. h3 h6 12. Ne2 a5 13. Qc3 Nh5 14. b3 Ne7 15. Bb2
f5 16. Nd2 Ng6 17. Nd4 Ngf4 18. Rae1 Rf6 19. exf5 Bxg2 20. Ne4 Qb7 21. Nxf6+
Nxf6 22. f3 Bxf1 23. Bxf1 exf5 24. Re5 Ne6 25. Rxc5 bxc5 26. Nxf5 Nd4 27. Nxd4
cxd4 28. Qd3 Rb8 29. Bxd4 Qxb3 30. Qf5 Qb1 31. Qxa5 Qg6+ 32. Kh2 Rb1 33. Bg2
Rc1 34. Qb6 Rc2 35. Bf2 Rxc4 36. a4 Rc6 37. Qb8+ Qe8 38. Qb3+ Qe6 39. Qb8+ Kf7
40. Qb2 Nh5 41. a5 Qd6+ 42. Kg1 Qd1+ 43. Kh2 Qd6+ 44. Kg1 Nf4 45. Qb3+ Kf8 46.
Bf1 Rc1 47. Qb6 Rxf1+ 0-1

[Event "4. Kesarovski-Georgiev Memorial"]
[Site "Sunny Beach BUL"]
[Date "2005.09.20"]
[Round "5.6"]
[White "Bonev, Todor"]
[Black "Rusev, Krasimir"]
[Result "0-1"]
[WhiteElo "2234"]
[BlackElo "2426"]
[PlyCount "72"]
[EventDate "2005.09.16"]
[EventType "swiss"]
[EventRounds "9"]
[EventCountry "BUL"]
[Source "lmi"]
[SourceDate "2005.09.25"]

1. e4 c5 2. Nf3 Nc6 3. d4 cxd4 4. Nxd4 Nf6 5. Nc3 e6 6. Ndb5 Bb4 7. Bf4 Nxe4 8.
Qf3 d5 9. Nc7+ Kf8 10. O-O-O Bxc3 11. bxc3 e5 12. Nxd5 Ng5 13. Bxg5 Qxg5+ 14.
Kb1 Qg4 15. Be2 Qxf3 16. Bxf3 Bf5 17. Ne3 Be6 18. Rd6 Ke7 19. Rd2 Rad8 20. Rhd1
Rxd2 21. Rxd2 f5 22. g3 e4 23. Be2 Rd8 24. Rxd8 Nxd8 25. Kb2 Nc6 26. f4 Kd6 27.
Bb5 Ne7 28. a3 Kc5 29. Bf1 Nc8 30. Kc1 Nd6 31. Kd2 g6 32. Be2 Bc4 33. Bd1 Nb5
34. g4 Be6 35. g5 Nxa3 36. Kc1 Nc4 0-1

[Event "4. Kesarovski-Georgiev Memorial"]
[Site "Sunny Beach BUL"]
[Date "2005.09.20"]
[Round "5.9"]
[White "Badev, Kiril"]
[Black "Drenchev, Petar"]
[Result "1/2-1/2"]
[WhiteElo "2241"]
[BlackElo "2412"]
[PlyCount "88"]
[EventDate "2005.09.16"]
[EventType "swiss"]
[EventRounds "9"]
[EventCountry "BUL"]
[Source "lmi"]
[SourceDate "2005.09.25"]

1. e4 c5 2. Nf3 d6 3. d4 cxd4 4. Nxd4 Nf6 5. Nc3 g6 6. h3 Nc6 7. Nde2 h5 8. g3
Bd7 9. Bg2 Qc8 10. Bg5 Bg7 11. Qd2 Ne5 12. b3 Bxh3 13. Rxh3 Qxh3 14. Bxh3 Nf3+
15. Kd1 Nxd2 16. Bxf6 Bxf6 17. Kxd2 e6 18. Rg1 Ke7 19. Kd3 Rac8 20. Nb5 Rc5 21.
Nbd4 d5 22. f4 dxe4+ 23. Kxe4 Bxd4 24. Nxd4 Rc3 25. Nb5 Rxc2 26. Nxa7 Ra8 27.
Nb5 Raxa2 28. Rd1 Rd2 29. Rc1 Rac2 30. Ra1 Rd5 31. Bf1 Rcc5 32. Nd4 Ra5 33. Rc1
Rdc5 34. Rd1 Rc3 35. Bd3 Ra2 36. Kf3 Rb2 37. Ke4 Kf6 38. Ke3 e5 39. fxe5+ Kxe5
40. Nf3+ Kf6 41. Nd2 Kg7 42. Kd4 Rc7 43. Bc4 Rd7+ 44. Kc3 Ra2 1/2-1/2

[Event "4. Kesarovski-Georgiev Memorial"]
[Site "Sunny Beach BUL"]
[Date "2005.09.20"]
[Round "5.10"]
[White "Dimitrov, Vladimir"]
[Black "Angelov, Angel"]
[Result "1-0"]
[WhiteElo "2418"]
[BlackElo "2222"]
[PlyCount "83"]
[EventDate "2005.09.16"]
[EventType "swiss"]
[EventRounds "9"]
[EventCountry "BUL"]
[Source "lmi"]
[SourceDate "2005.09.25"]

1. c4 Nf6 2. g3 e5 3. Bg2 Be7 4. Nc3 O-O 5. d3 c6 6. e4 Re8 7. Nge2 a5 8. O-O
Na6 9. h3 d5 10. exd5 cxd5 11. Bg5 d4 12. Bxf6 Bxf6 13. Ne4 Be7 14. g4 Nc5 15.
f4 exf4 16. Nxf4 Nxe4 17. Bxe4 Bd6 18. Qf3 Qg5 19. Rae1 Rf8 20. Bd5 Bd7 21. Ng2
h5 22. Bxf7+ Kh8 23. Qxb7 Rad8 24. Qd5 Qxd5 25. cxd5 Bg3 26. Re4 hxg4 27. hxg4
g5 28. Rf3 Bd6 29. Kf2 Bb5 30. Ne1 Bf4 31. Be6 Be3+ 32. Ke2 Kg7 33. Rxf8 Rxf8
34. Bf5 Rh8 35. Nf3 Bf4 36. Re7+ Kf6 37. Re6+ Kf7 38. Rb6 Be8 39. d6 Kg7 40. d7
Bf7 41. Rc6 Rb8 42. b3 1-0

[Event "4. Kesarovski-Georgiev Memorial"]
[Site "Sunny Beach BUL"]
[Date "2005.09.20"]
[Round "5.11"]
[White "Petrov, Marijan"]
[Black "Angelov, Kosta"]
[Result "1-0"]
[WhiteElo "2406"]
[BlackElo "2232"]
[PlyCount "89"]
[EventDate "2005.09.16"]
[EventType "swiss"]
[EventRounds "9"]
[EventCountry "BUL"]
[Source "lmi"]
[SourceDate "2005.09.25"]

1. e4 Nc6 2. Nf3 d6 3. d4 Nf6 4. Nc3 Bg4 5. Be3 e5 6. Bb5 Nd7 7. dxe5 dxe5 8.
h3 Bh5 9. O-O Bd6 10. Re1 O-O 11. g4 Bg6 12. Qd3 h5 13. Kg2 hxg4 14. hxg4 Nf6
15. Nh4 Nb4 16. Qe2 Bxe4+ 17. Nxe4 Nxe4 18. Ng6 Qf6 19. Nxf8 Rxf8 20. Rad1 Qg6
21. Bd7 Ng5 22. Bf5 Qf6 23. Rxd6 cxd6 24. Qd2 Ne6 25. Qxb4 d5 26. Qb5 g6 27.
Bxe6 fxe6 28. Qe2 e4 29. c3 e5 30. Rh1 Qe6 31. Rh3 Rf3 32. Rxf3 Qxg4+ 33. Kf1
exf3 34. Qb5 Qe4 35. Qe8+ Kg7 36. Qe7+ Kg8 37. Qd8+ Kf7 38. Qc7+ Ke6 39. Qc8+
Kf6 40. Kg1 b6 41. Qc6+ Kf7 42. Qd7+ Kf6 43. b3 Qf5 44. Qd6+ Kg7 45. Qxd5 1-0

[Event "4. Kesarovski-Georgiev Memorial"]
[Site "Sunny Beach BUL"]
[Date "2005.09.20"]
[Round "5.12"]
[White "Kozhuharov, Spas"]
[Black "Arnaudov, G  Petar"]
[Result "1/2-1/2"]
[WhiteElo "2391"]
[BlackElo "2207"]
[PlyCount "54"]
[EventDate "2005.09.16"]
[EventType "swiss"]
[EventRounds "9"]
[EventCountry "BUL"]
[Source "lmi"]
[SourceDate "2005.09.25"]

1. e4 e5 2. d4 exd4 3. Nf3 Nf6 4. e5 Ne4 5. Qxd4 d5 6. exd6 Nxd6 7. Bg5 f6 8.
Bf4 Nc6 9. Qd2 Qe7+ 10. Be2 Nc4 11. Qc3 Nb6 12. Bg3 Bd7 13. O-O O-O-O 14. Re1
Qc5 15. a3 Bf5 16. Qxc5 Bxc5 17. b4 Bd6 18. Bxd6 Rxd6 19. c4 Nd4 20. Nxd4 Rxd4
21. c5 Nd5 22. Bf3 Rd8 23. Bxd5 R4xd5 24. Nc3 Rd2 25. h3 Rc2 26. Nd1 Bg6 27.
Ne3 Rc3 1/2-1/2

[Event "4. Kesarovski-Georgiev Memorial"]
[Site "Sunny Beach BUL"]
[Date "2005.09.20"]
[Round "5.13"]
[White "Orev, Petar"]
[Black "Karakehajov, Kalin"]
[Result "1-0"]
[WhiteElo "2222"]
[BlackElo "2385"]
[PlyCount "109"]
[EventDate "2005.09.16"]
[EventType "swiss"]
[EventRounds "9"]
[EventCountry "BUL"]
[Source "lmi"]
[SourceDate "2005.09.25"]

1. e4 e5 2. Nf3 Nc6 3. Nc3 Nf6 4. Bb5 Bd6 5. d3 a6 6. Ba4 b5 7. Bb3 Na5 8. O-O
Nxb3 9. axb3 Bb7 10. Ne2 O-O 11. Ng3 Re8 12. Ng5 h6 13. Nh3 Bc5 14. Be3 Bxe3
15. fxe3 Bc8 16. Nf5 d5 17. exd5 Nxd5 18. Qf3 Bxf5 19. Qxf5 Re7 20. Rf3 Nb4 21.
Rf2 c5 22. g4 Qd6 23. Raf1 Rd8 24. g5 g6 25. Qe4 h5 26. Re2 Rc7 27. Nf2 Kg7 28.
Qf3 c4 29. Ne4 Qe7 30. dxc4 bxc4 31. c3 Nd3 32. b4 Ra7 33. Ra1 Rd5 34. Rd2 Kf8
35. Nf6 Rd6 36. Ne4 Rdd7 37. Rad1 Qe6 38. b3 cxb3 39. Rxd3 Rxd3 40. Rxd3 b2 41.
Rd8+ Ke7 42. Rd1 a5 43. Nc5 Qg4+ 44. Qxg4 hxg4 45. b5 Rc7 46. Na4 Rc4 47. Nxb2
Rxc3 48. Ra1 Ke6 49. b6 Kf5 50. Na4 Rb3 51. Ra2 g3 52. hxg3 Kg4 53. Rb2 Ra3 54.
Kf2 Rxa4 55. b7 1-0

[Event "4. Kesarovski-Georgiev Memorial"]
[Site "Sunny Beach BUL"]
[Date "2005.09.20"]
[Round "5.14"]
[White "Arnaudov, Petar"]
[Black "Ivanov, Jordan"]
[Result "0-1"]
[WhiteElo "2204"]
[BlackElo "2347"]
[PlyCount "82"]
[EventDate "2005.09.16"]
[EventType "swiss"]
[EventRounds "9"]
[EventCountry "BUL"]
[Source "lmi"]
[SourceDate "2005.09.25"]

1. e4 c5 2. Nc3 Nc6 3. g3 g6 4. Bg2 Bg7 5. d3 Rb8 6. Be3 b5 7. Qd2 b4 8. Nd1 d6
9. Ne2 e5 10. O-O Nd4 11. Nc1 Ne7 12. c3 bxc3 13. bxc3 Ne6 14. Bh6 O-O 15. Bxg7
Kxg7 16. f4 exf4 17. gxf4 f5 18. Ne2 d5 19. exd5 Nxd5 20. Ne3 Nf6 21. Rab1 Rb6
22. Nc4 Rxb1 23. Rxb1 Ba6 24. Ne5 Qc7 25. Qe3 Re8 26. d4 cxd4 27. cxd4 Qc2 28.
Re1 Bxe2 29. Rxe2 Qd1+ 30. Re1 Qxd4 31. Qxd4 Nxd4 32. h3 Nh5 33. Rb1 Nxf4 34.
Rb7+ Kf6 35. Nd7+ Kg5 36. Bf1 a5 37. Nb6 Kh4 38. Nc4 Kg3 39. Rb1 Nf3+ 40. Kh1
Nxh3 41. Bxh3 Re2 0-1

[Event "4. Kesarovski-Georgiev Memorial"]
[Site "Sunny Beach BUL"]
[Date "2005.09.20"]
[Round "5.15"]
[White "Panbukchian, Valentin"]
[Black "Bozov, Ahmet"]
[Result "0-1"]
[WhiteElo "2339"]
[BlackElo "2091"]
[PlyCount "90"]
[EventDate "2005.09.16"]
[EventType "swiss"]
[EventRounds "9"]
[EventCountry "BUL"]
[Source "lmi"]
[SourceDate "2005.09.25"]

1. f4 d5 2. Nf3 Nf6 3. g3 g6 4. Bg2 Bg7 5. O-O c5 6. d3 Nc6 7. Qe1 Bf5 8. h3 d4
9. Na3 Qd7 10. Kh2 Nd5 11. Bd2 O-O 12. c3 Rae8 13. g4 Be6 14. Nc2 f5 15. g5 Qd6
16. cxd4 cxd4 17. Qg3 Rc8 18. Rac1 Rc7 19. Na3 Qd7 20. Nc4 Rfc8 21. Rcd1 b5 22.
Nce5 Nxe5 23. fxe5 Rc2 24. Nxd4 Rxb2 25. Kh1 Rxa2 26. Qf3 Nb6 27. Nxe6 Qxe6 28.
d4 Rcc2 29. Bf4 Rxe2 30. d5 Qc8 31. Rg1 Rf2 32. Qg3 Qc4 33. Be3 f4 34. Bxf2
fxg3 35. Bxg3 Qc3 36. d6 exd6 37. exd6 Rd2 38. Bf4 Rd4 39. Rc1 Rxf4 40. Rxc3
Bxc3 41. Bc6 Rd4 42. Bxb5 Rxd6 43. Rc1 Rd5 44. Be2 Re5 45. Bf3 Re1+ 0-1

[Event "4. Kesarovski-Georgiev Memorial"]
[Site "Sunny Beach BUL"]
[Date "2005.09.20"]
[Round "5.17"]
[White "Milchev, Nikolay"]
[Black "Vladimirov, Vladimir"]
[Result "1/2-1/2"]
[WhiteElo "2182"]
[BlackElo "2267"]
[PlyCount "147"]
[EventDate "2005.09.16"]
[EventType "swiss"]
[EventRounds "9"]
[EventCountry "BUL"]
[Source "lmi"]
[SourceDate "2005.09.25"]

1. Nf3 g6 2. d4 Bg7 3. c4 Nf6 4. Nc3 O-O 5. e4 d6 6. h3 c5 7. d5 e6 8. Bd3 exd5
9. exd5 Re8+ 10. Kf1 Nbd7 11. Bg5 h6 12. Be3 a6 13. a4 Kh7 14. Qd2 Qe7 15. Re1
Ne5 16. Nxe5 Qxe5 17. Re2 Qh5 18. Bf4 Bg4 19. f3 Bxf3 20. gxf3 Qxf3+ 21. Kg1
Nh5 22. Bxd6 Ng3 23. Rg2 Bd4+ 24. Kh2 Nxh1 25. Kxh1 Re3 26. Be2 Qxh3+ 27. Bh2
Rae8 28. Bf1 Re1 29. Qf4 Qf5 30. Qxf5 gxf5 31. Rg1 Bxg1 32. Kxg1 Rc1 33. Bf4
Rg8+ 34. Kf2 Rc2+ 35. Be2 Rxb2 36. Ke3 Re8+ 37. Kd3 Kg6 38. d6 h5 39. Bd1 h4
40. Nd5 h3 41. Ne7+ Kf6 42. Nd5+ Kg6 43. Bh5+ Kg7 44. d7 Rd8 45. Be5+ Kh6 46.
Be2 Rxe2 47. Kxe2 Rxd7 48. a5 f6 49. Bf4+ Kg6 50. Kf3 Rh7 51. Bh2 f4 52. Nxf4+
Kf5 53. Nd3 Rh4 54. Nf4 Rh7 55. Nd5 Rg7 56. Bg3 Ke6 57. Nf4+ Kd7 58. Nxh3 Kc6
59. Nf4 b5 60. axb6 Kxb6 61. Nd5+ Kc6 62. Nxf6 a5 63. Ne4 a4 64. Bf2 a3 65.
Bxc5 a2 66. Bd4 Rg1 67. Nd2 a1=Q 68. Bxa1 Rxa1 69. Ke3 Rh1 70. Kd4 Rh4+ 71. Ne4
Rg4 72. Kd3 Rg8 73. Kd4 Ra8 74. Kc3 1/2-1/2

[Event "4. Kesarovski-Georgiev Memorial"]
[Site "Sunny Beach BUL"]
[Date "2005.09.20"]
[Round "5.18"]
[White "Asparuhov, Parvan"]
[Black "Bojchev, Marian"]
[Result "0-1"]
[WhiteElo "2141"]
[BlackElo "2240"]
[PlyCount "104"]
[EventDate "2005.09.16"]
[EventType "swiss"]
[EventRounds "9"]
[EventCountry "BUL"]
[Source "lmi"]
[SourceDate "2005.09.25"]

1. e4 c5 2. Nf3 e6 3. d4 cxd4 4. Nxd4 Nf6 5. Nc3 d6 6. Be2 Nc6 7. Be3 Be7 8.
O-O O-O 9. f4 e5 10. Nb3 exf4 11. Bxf4 Be6 12. Kh1 d5 13. e5 Nd7 14. Nxd5 Ndxe5
15. c4 Bg5 16. Nc5 Bxf4 17. Nxe6 fxe6 18. Nxf4 Rf6 19. Nh3 Rxf1+ 20. Bxf1 Qb6
21. Qe2 Rd8 22. Ng5 Qb4 23. Qe4 g6 24. Qh4 Qe7 25. Qg3 Qf6 26. Qe3 Nd4 27. Ne4
Qf5 28. Ng3 Qf6 29. Ne4 Qh4 30. Rd1 Qxh2+ 31. Kxh2 Ng4+ 32. Kg1 Nxe3 33. Rd2 b6
34. Kf2 Nxf1 35. Kxf1 Nc6 36. Ke2 Rxd2+ 37. Kxd2 h6 38. Kc3 Kf7 39. b4 Ke7 40.
b5 Ne5 41. Kd4 Nd7 42. a4 h5 43. c5 bxc5+ 44. Nxc5 Nxc5 45. Kxc5 Kd7 46. a5 h4
47. Kd4 g5 48. Ke4 Kd6 49. Kf3 e5 50. Ke4 g4 51. Ke3 Kc5 52. b6 axb6 0-1

[Event "4. Kesarovski-Georgiev Memorial"]
[Site "Sunny Beach BUL"]
[Date "2005.09.20"]
[Round "5.19"]
[White "Ljangov, Petar"]
[Black "Nikolov, Sasho"]
[Result "0-1"]
[WhiteElo "2140"]
[BlackElo "2400"]
[PlyCount "172"]
[EventDate "2005.09.16"]
[EventType "swiss"]
[EventRounds "9"]
[EventCountry "BUL"]
[Source "lmi"]
[SourceDate "2005.09.25"]

1. Nf3 Nc6 2. c4 e5 3. Nc3 Nf6 4. a3 e4 5. Ng5 Qe7 6. e3 h6 7. Nh3 d6 8. Nf4
Bf5 9. d4 exd3 10. Bxd3 Bxd3 11. Qxd3 Ne5 12. Qe2 c6 13. b3 g6 14. Bb2 Bg7 15.
O-O O-O 16. Rad1 Rfd8 17. Qc2 a6 18. Nd3 Ned7 19. Ne2 Rac8 20. Bd4 d5 21. c5
Bf8 22. b4 Ne8 23. Qb2 Nc7 24. Ne5 Ne6 25. Nxd7 Nxd4 26. Nxf8 Nxe2+ 27. Qxe2
Rxf8 28. Qb2 Rfe8 29. Rc1 Qg5 30. Rfd1 Re4 31. Rd4 Qf6 32. Rcd1 Rxd4 33. Qxd4
Qxd4 34. Rxd4 a5 35. f3 axb4 36. axb4 Ra8 37. e4 dxe4 38. Rxe4 Ra1+ 39. Kf2 Rb1
40. h4 Rb2+ 41. Kg3 Kg7 42. Kh3 Rb3 43. Kg3 Kf8 44. Kf4 Rb2 45. Kg3 f6 46. Kh3
Kf7 47. g4 f5 48. gxf5 gxf5 49. Rd4 Ke6 50. f4 Rb3+ 51. Kg2 h5 52. Rd6+ Ke7 53.
Rd4 Rb1 54. Kh2 Ra1 55. Kg2 Ra8 56. Kf3 Rg8 57. Rd6 Rg4 58. Rh6 Rxh4 59. Rh7+
Ke6 60. Rxb7 Rh3+ 61. Kg2 Rb3 62. Rc7 Kd5 63. Re7 Kc4 64. Re5 h4 65. Rxf5 h3+
66. Kh2 Kxb4 67. Rh5 Rf3 68. Rf5 Kc4 69. Kg1 Kd4 70. Kh2 Rc3 71. Re5 Rf3 72.
Rf5 Ra3 73. Re5 Rc3 74. Kg1 Rc2 75. Kh1 Rf2 76. Rf5 Kc4 77. Kg1 h2+ 78. Kh1 Kb4
79. Rh5 Rxf4 80. Kxh2 Rc4 81. Kg2 Rxc5 82. Rh6 Kb5 83. Kf2 Re5 84. Rh1 c5 85.
Kf3 c4 86. Kf4 Re8 0-1

[Event "4. Kesarovski-Georgiev Memorial"]
[Site "Sunny Beach BUL"]
[Date "2005.09.20"]
[Round "5.20"]
[White "Khurshudova, Lyudmila"]
[Black "Dimitrov, Radoslav"]
[Result "0-1"]
[WhiteElo "2317"]
[BlackElo "2099"]
[PlyCount "42"]
[EventDate "2005.09.16"]
[EventType "swiss"]
[EventRounds "9"]
[EventCountry "BUL"]
[Source "lmi"]
[SourceDate "2005.09.25"]

1. e4 c6 2. d4 d5 3. Nd2 dxe4 4. Nxe4 Nf6 5. Ng3 e5 6. Be3 Ng4 7. Qd2 Nxe3 8.
fxe3 Be6 9. Nf3 Nd7 10. Be2 Be7 11. O-O O-O 12. Bd3 Qc7 13. c3 g6 14. Rfe1 c5
15. c4 cxd4 16. exd4 exd4 17. Nxd4 Bc5 18. Bf1 Qb6 19. Nge2 Ne5 20. Kh1 Rad8
21. Rad1 Nc6 0-1

[Event "4. Kesarovski-Georgiev Memorial"]
[Site "Sunny Beach BUL"]
[Date "2005.09.20"]
[Round "5.22"]
[White "Stoinev, Metodi"]
[Black "Nikolova, Adriana"]
[Result "0-1"]
[WhiteElo "2285"]
[BlackElo "2035"]
[PlyCount "98"]
[EventDate "2005.09.16"]
[EventType "swiss"]
[EventRounds "9"]
[EventCountry "BUL"]
[Source "lmi"]
[SourceDate "2005.09.25"]

1. e4 c5 2. Nf3 d6 3. d4 cxd4 4. Nxd4 Nf6 5. Nc3 a6 6. h3 e5 7. Nde2 b5 8. g4
Bb7 9. Bg2 h6 10. O-O Nbd7 11. Ng3 Rc8 12. Be3 Nb6 13. Bxb6 Qxb6 14. Qd2 Qc5
15. a4 b4 16. Nd5 Nxd5 17. exd5 a5 18. Rac1 Be7 19. Ne4 Qb6 20. c4 bxc3 21.
bxc3 Ba6 22. Rb1 Qa7 23. Rfe1 O-O 24. Bf1 f5 25. Bxa6 Qxa6 26. gxf5 Rxf5 27.
Rb5 Rf4 28. Qe2 Rcf8 29. Rb8 Qa7 30. Rxf8+ Kxf8 31. Rb1 Kg8 32. Kg2 Qd7 33.
Rb8+ Kh7 34. Rb5 Rh4 35. Qd3 g6 36. Rxa5 Qf5 37. Ra7 Rxe4 38. Rxe7+ Kh8 39.
Re8+ Kg7 40. Qg3 Rf4 41. Re7+ Kf8 42. Re6 g5 43. Rxh6 Qe4+ 44. f3 Qxd5 45. Rh8+
Kg7 46. Rd8 e4 47. fxe4 Qd2+ 48. Kg1 Qd1+ 49. Kg2 Qe2+ 0-1

[Event "4. Kesarovski-Georgiev Memorial"]
[Site "Sunny Beach BUL"]
[Date "2005.09.20"]
[Round "5.23"]
[White "Jordanov, Nikolay"]
[Black "Ivanov L, Stojan"]
[Result "1-0"]
[WhiteElo "2257"]
[BlackElo "2081"]
[PlyCount "81"]
[EventDate "2005.09.16"]
[EventType "swiss"]
[EventRounds "9"]
[EventCountry "BUL"]
[Source "lmi"]
[SourceDate "2005.09.25"]

1. e4 c5 2. c3 d5 3. exd5 Qxd5 4. d4 Nf6 5. Nf3 e6 6. Bd3 Nc6 7. O-O Be7 8. a3
O-O 9. Be3 Rd8 10. Bc2 b6 11. Qe2 Bb7 12. dxc5 Bxc5 13. Bg5 Qd7 14. Bxf6 gxf6
15. Qe4 f5 16. Qh4 Qe7 17. Qh6 Kh8 18. Re1 Qf8 19. Qh3 Qg7 20. Nbd2 Qg4 21. Qg3
Qh5 22. Qc7 Rab8 23. Nc4 Rdc8 24. Qf4 Rg8 25. Nce5 f6 26. Nd7 Nb4 27. axb4
Rxg2+ 28. Kxg2 Bxf3+ 29. Qxf3 Rg8+ 30. Qg3 Rxg3+ 31. hxg3 f4 32. Be4 fxg3 33.
fxg3 Bd6 34. Re3 Qg5 35. Rd3 Be7 36. Rxa7 f5 37. Ne5 Qf6 38. Bf3 Kg7 39. Rxe7+
Qxe7 40. Rd7 Qxd7 41. Nxd7 1-0

[Event "4. Kesarovski-Georgiev Memorial"]
[Site "Sunny Beach BUL"]
[Date "2005.09.20"]
[Round "5.24"]
[White "Nikolov, Jordan"]
[Black "Kjurkchiiski, Georgi"]
[Result "1/2-1/2"]
[WhiteElo "2102"]
[BlackElo "2257"]
[PlyCount "115"]
[EventDate "2005.09.16"]
[EventType "swiss"]
[EventRounds "9"]
[EventCountry "BUL"]
[Source "lmi"]
[SourceDate "2005.09.25"]

1. e4 c5 2. Nf3 d6 3. d4 cxd4 4. Nxd4 Nf6 5. Nc3 a6 6. Be2 e5 7. Nf3 Be7 8. O-O
O-O 9. Bg5 Nbd7 10. Re1 h6 11. Bxf6 Nxf6 12. h3 b5 13. Bf1 Bb7 14. Qd2 Rc8 15.
Rad1 Rc5 16. a3 Qb6 17. Qe3 Qc7 18. Bd3 Re8 19. g3 Bf8 20. Nh4 g6 21. Qf3 Bg7
22. Ng2 d5 23. exd5 Nxd5 24. Ne4 Rc6 25. g4 Nf6 26. c3 Rd6 27. Bc2 Red8 28. Ne3
Nh7 29. h4 Nf6 30. Rxd6 Rxd6 31. Rd1 Rxd1+ 32. Nxd1 Nd5 33. Ne3 Nf4 34. Ng2 f5
35. gxf5 gxf5 36. Nxf4 exf4 37. Qh5 fxe4 38. Qe8+ Bf8 39. Bxe4 Bxe4 40. Qxe4
Qf7 41. Qc6 f3 42. Kh2 Qf4+ 43. Kh3 h5 44. Qg6+ Bg7 45. Qxh5 Be5 46. Qg6+ Kf8
47. h5 Qh2+ 48. Kg4 Qg2+ 49. Kf5 Qxg6+ 50. hxg6 Bg7 51. Ke4 Bh6 52. b3 Kg7 53.
Kxf3 Kxg6 54. Ke4 Kf6 55. Kd5 Bd2 56. c4 bxc4 57. Kxc4 Ke5 58. Kc5 1/2-1/2